| 000 | 01332cam a22002535a 4500 | ||
|---|---|---|---|
| 001 | 15000886 | ||
| 005 | 20201128023955.0 | ||
| 008 | 070910t2008 enka frb 001 0 eng d | ||
| 020 | _a9780273710998 | ||
| 040 |
_aDLC _cDLC _dDLC _dEG-ScBUE _beng |
||
| 082 | 0 | 4 |
_a658.403 _222 _bBLA |
| 100 | 1 |
_aBlake, Chris, _d1960- |
|
| 245 | 1 | 4 |
_aThe art of decisions : _bhow to manage in an uncertain world / _cChris Blake. |
| 260 |
_aHarlow : _bFinancial Times Prentice Hall, _cc.2008. |
||
| 300 |
_axiv, 232 p. : _bill. ; _c24 cm. |
||
| 500 | _aIndex : p. 217-232. | ||
| 504 | _aBibliography : p. 209-215. | ||
| 505 | 0 | _aThe anatomy of decisions -- Bad things sometimes happen to the good guys -- In search of the perfect decision? -- I know I am right (but I am not sure why) -- Calling off the search -- Investing, risk and poker -- Rules of thumb: part 1 / Risk and investing -- Deciding close to home -- Deciding far from home -- Overconfidence and the entrepreneur -- The trouble with winners and experts -- Map making and the planning fallacy -- Fear, greed and risk taking -- The dragon's den syndrome -- Rules of thumb: part 2 / Fighting to win -- The art of decision making. | |
| 650 | 7 |
_aDecision making. _2BUEsh _912112 |
|
| 650 | 7 |
_aManagement. _2BUEsh _9553 |
|
| 651 | _2BUEsh | ||
| 653 |
_bBUSADM _cNovember2016 |
||
| 942 | _2ddc | ||
| 999 |
_c22988 _d22960 |
||